Quizzes
Events
Quiz Creation
Community
Videos
Private Events
Remove Ads
Sign In
Join for FREE
Feedback
Dark Mode
Quiz Categories
Sports
Geography
Music
Movies
Television
Just For Fun
Miscellaneous
History
Literature
Language
Science
Gaming
Entertainment
Religion
Holiday
For Kids
Quiz Lab
Recent
Popular Today
Quiz Kudos Today
Editor Picks
Curator Picks
Quizzes by...
Day
Popularity
Type
Ratings
Length
Year
Community
Subscriptions
Recent Discussions
Orange Saloon
Badges
Playlists
Quests
Create
Leaderboards
Showdown
Live 5
Trivia Bingo
Activity
Puzzle Library
Sporcle Events
Private Events
Virtual Trivia
Globe League
Become a Host
Pub Owners
SporcleCon
Opinionation
Our Games
Videos
Blog
Mobile Apps
Partnerships
Remove Ads and Go Orange
Feedback
Music
Pop Music
The Beatles
Song
Album
Lyrics
Bands
Singers
Artist
Clip
Rock
Rap
Classical
Billboard
Country Music
Kpop
Taylor Swift
Music
Pop Music
The Beatles
Song
Album
Lyrics
Bands
Singers
Artist
Clip
Rock
Rap
Classical
Billboard
Country Music
Kpop
Taylor Swift
Random Quiz
Search Sporcle
×
Quiz Lab
Quiz Lab
Music
Taylor Swift
Type in answers that appear in a list
Type in answers that appear in a list
Classic
Best Score? Go Orange.
Guess the Taylor Swift Lyrics (: Stats
Can you name the Guess the Taylor Swift Lyrics (:?
By
hazygreyeyes_
8m
200 Questions
10.6K Plays
10,569 Plays
10,569 Plays
Comments
Comments
Give Quiz Kudos
Give Quiz Kudos
-
- Ratings
hide this ad
More Info
Replay
Link that replays current quiz
Next Quiz
Link to next quiz in quiz playlist
You Got
0%
They Got
Avg Score
57%
Avg Friend Score
Upgrade to see
Score Distribution
Jump to the score distribution portion of the page
Score
0/200
Timer
08:00
0
Plays Today
% Correct
I
97.8%
i
97.8%
i
97.8%
i
97.8%
the
97.1%
the
97.1%
the
97.1%
the
97.1%
and
97.1%
the
97.1%
and
97.1%
the
97.1%
a
97.1%
a
97.1%
the
97.1%
a
97.1%
the
97.1%
the
97.1%
the
97.1%
and
97.1%
and
97.1%
and
97.1%
the
97.1%
the
97.1%
the
97.1%
the
97.1%
the
97.1%
and
97.1%
the
97.1%
a
97.1%
and
97.1%
and
97.1%
the
97.1%
a
97.1%
a
97.1%
and
97.1%
the
96.9%
you
93.3%
you
93.3%
you
93.3%
you
93.3%
you
93.3%
an
85.1%
we
82.3%
we
82.3%
we
82.3%
we
82.3%
we
82.3%
we
82.3%
we
82.3%
we
82.3%
me
80.5%
be
75.3%
be
75.3%
on
73.5%
on
73.5%
on
73.5%
your
71.9%
your
71.9%
to
71.5%
in
70.9%
in
70.8%
in
70.8%
of
68.4%
of
68.4%
of
68.4%
of
68.4%
% Correct
of
68.4%
my
67.7%
it
66.2%
were
63.7%
were
63.7%
is
61.7%
for
60.4%
for
60.4%
for
60.4%
for
60.4%
for
60.4%
this
59.2%
was
59.2%
was
59.2%
this
59.2%
this
59.2%
time
58.1%
like
56.2%
like
56.2%
that
55.9%
that
55.9%
all
55.4%
all
55.4%
all
55.4%
they
55%
they
55%
are
54.9%
our
54.3%
our
54.3%
our
54.3%
our
54.3%
our
54.3%
when
54.2%
one
53.5%
with
53.4%
said
52.2%
said
52.2%
back
50.8%
remember
50.6%
remember
50.6%
never
50.5%
LIVE
49.7%
LIVE
49.7%
LIVE
49.7%
will
49.4%
LONG
48.4%
LONG
48.4%
LONG
48.4%
LONG
48.4%
but
48.2%
there
47.4%
mind
47.3%
would
46.9%
us
46.7%
just
45.7%
night
45.5%
day
45.5%
knew
44.1%
moment
43.9%
moment
43.9%
up
43.1%
up
43.1%
went
42.4%
off
42.3%
how
41.2%
same
40.3%
kings
39.5%
% Correct
kings
39.5%
queens
39.2%
queens
39.2%
through
38.9%
hands
38.8%
end
38.6%
now
38.5%
wild
37.8%
walls
37.5%
made
37.1%
screaming
36.7%
screaming
36.7%
crowds
36.2%
stood
36%
stood
36%
them
35.9%
lights
35.2%
head
35.2%
start
35%
crashed
34.8%
got
34.7%
names
34.6%
held
34.4%
held
34.4%
shaking
34.3%
read
34%
book
33.3%
kingdom
33.2%
stands
33.2%
age
33.1%
page
33%
history
32.4%
cause
32.4%
lives
32.4%
decade
32.3%
hero
32%
magic
31.7%
shined
31.5%
pretenders
31.5%
the world
30.8%
bring
30.8%
remembered
30.7%
right
29.8%
feeling
29%
crown
28.7%
around
27.3%
baseball
27.2%
cap
27.1%
town
26.5%
pictures
26.1%
rule
26%
trade
25.9%
jeans
25.9%
ripped
25.3%
danced
25.3%
pass
25%
band
24.1%
wishing
23.7%
gave
23%
outraged
22.9%
thieves
22.5%
sidelines
22.4%
absurd
22.1%
trophies
21.7%
cynics
19.6%
years
17.7%
Quiz Playlist
Details
Report
Send in Message
Add To Playlist
More Info:
sorry if there's any mistakes, and sorry, but the bridge didnt fit (:
Classic:
Type in answers that appear in a list
Last Updated: May 13, 2017
Quiz Scoreboard
CHALLENGE
Sign Up to Join the Scoreboard
Show All
Scores
Hide
Comments
May contain spoilers
Recently Published
College Basketball Coaching Resumes
by pancakes188
Sports
9m
Billboard Blitz: Fleetwood Mac
by CooCooCachoo
Music
15s
Presidents Visiting Landmarks
by Hejman
History
7m
More to Explore
Quiz From the Vault
Featured Blog Post
Where Did the Easter Bunny Come From?
hide this ad
You Might Also Like...
Tags
Taylor Swift Quiz
Today's Top Quizzes in Music
Browse Music
hide this ad
Today's Top Quizzes in Taylor Swift
Browse Taylor Swift
Top Contributed Quizzes in Music
1
Taylor Swift All Songs (2024)
2
Guess the Artist- 70s Songs
3
7-to-1: Billboard Hot 100 #1 Hits of 2010s
4
Sorting Albums and Songs
5
Taylor Swift Logic Puzzle
6
KPOP LOGIC QUIZ
7
Guess the Taylor Swift song (Mystery Song)
8
One Thing in Common: Music
9
2010s Album by Cover III
10
Guess The Taylor Swift Lyrics Song #1
Explore More
Trending Topics
Crossword
Anime
Kpop
Marvel
Disney
Harry Potter
NBA
Pokémon
Song
WWE
Puzzle
The Office
Soccer
Country
NFL
hide this ad
More By:
hazygreyeyes_
Quiz
Plays
Rating
Category
Featured
Created
Guess the Taylor Swift Lyrics (:
10,569
3.28
Music
Mar 27, 2011
Taylor Swift Songs by Lyrics
1,036
5.00
Music
Apr 11, 2011
Taylor Swift Songs by Last Line
924
5.00
Music
Apr 11, 2011
driving taylor swift songs
241
4.33
Music
Aug 10, 2012
John Mayer songs by lyrics
159
Music
Feb 8, 2012
Go to Creator's Profile
Score Distribution
Quiz Creator Spotlight
hazygreyeyes_
Follow
Send a Message
Quizzes Created
-
Created Quiz Play Count
-
More By This Creator
Popular Quizzes Today
1
Find the US States - No Outlines Minefield
2
Find the Countries of Europe - No Outlines Minefield
3
The Countries of the World
4
Find the US States
5
Risky Map Clicking: Biggest States A-Z
6
US States
7
Popular People in 1961
8
Movies - When Are They Set?
More Music Quizzes
Complete the Song Title With Harry Potter
Curator's Pick
Trending Quizzes
Risky Map Clicking: Least Populous States A-Z
1-10 Letter G Words
1-10 Letter F Words
Risky Map Clicking: Next State Alphabetically
Adjectives in 80s TV Shows
Recently Updated
Leaping Animals
pecheneg
Reality TV Shows (A-Z)
bhenderson79
Rickey Henderson's Hall of Fame Teammates
pecheneg
Champions League XIs: Arsenal
pecheneg
Quick Pick: Celebrities in WWE's Hall of Fame
aduchscher
A-Z Keypad Blitz II
pecheneg
Multiple Oscar Actors
pecheneg
Mystery Phrase Blitz: Oscar 'Best Actors'
pecheneg
F. Scott Fitzgerald Novels
LTH
Pick 3 Villains
ddd62291
Trending Topics
Crossword
Harry Potter
Anime
Disney
Kpop
NBA
Marvel
Pokémon
NFL
The Office
Puzzle
Country
Song
Soccer
WWE
Your Account Isn't Verified!
In order to create a playlist on Sporcle, you need to verify the email address you used during registration. Go to your
Sporcle Settings
to finish the process.
Report this User
Report this user for behavior that violates our
Community Guidelines
.
Details:
Send Report
Go to the Sporcle.com Mobile Site →
Comments